000 00605nam a22002177a 4500
005 20230102164809.0
008 230102b ||||| |||| 00| 0 eng d
040 _cAL
041 _aEnglish
082 _223
_a323.0954
_bTHIH
100 _aHenry Thiagaraj
_968122
245 _aHuman Rights From the Dalit Perspective
260 _aChennai
_bDalit Liberation Education Trust
_c1996
300 _a200 p.
_bPB
_c21.5x14 cm.
650 _aIndia
_968123
650 _aHuman rights
_968124
650 _aDalits
_968125
650 _aCaste
_968126
700 _aTHIAGARAJ (Henry)
_968127
942 _2ddc
_cDB
999 _c226161
_d226161